15 Największych Miast w Szwecji na mapie - Statystyki

Ogólne statystyki
  • Ten quiz został rozwiązany 32 razy
  • Średni wynik to 8 z 15
Odpowiedzi na mapie
Odpowiedzi zakodowano w zielono-czerwonej skali na mapie do tego quizu, zgodnie z poniższymi procentami.
 
Statystyki odpowiedzi
Populacja Miasto % Poprawnych
610k Goteborg
100%
365k Malmo
100%
995k Sztokholm
100%
250k Uppsala
81%
170k Linkoping
69%
160k Orebro
63%
150k Jonkoping
56%
160k Vasteras
56%
150k Helsingborg
50%
145k Norrkoping
50%
135k Umea
44%
130k Lund
31%
115k Boras
19%
115k Huddinge
13%
110k Nacka
13%
Nie znaleziono quizów pasujących do podanych kryteriów
Rozkład punktacji
Procent ludzi z każdym wynikiem
Percentyl według liczby udzielonych odpowiedzi
Twoja historia wyników
Nie rozwiązałeś tego quizu